| 000 | 00416nam a22001337a 4500 | ||
|---|---|---|---|
| 005 | 20240130060918.0 | ||
| 008 | 240130b |||||||| |||| 00| 0 eng d | ||
| 082 |
_222 _a305.8 |
||
| 245 |
_aSri Lankan Culture: _bA Symposium / _cDepartment of Hindu religious & cultural affairs. |
||
| 260 |
_aSri Lanka: _bDepartment of Hindu religious & cultural affairs., _c1991. |
||
| 300 | _a 85 p., | ||
| 650 | _acultural. | ||
| 942 | _cL | ||
| 999 |
_c247 _d247 |
||